000 00440nam a2200181 4500
001 3456
005 20230410130542.0
008 060907n1990 dr spa
020 _a220033043X
035 _9funglode3470
041 _aFR
050 1 4 _aPN 1992.3 N419d 1990
100 _aNel, Noel
245 1 _aLe debat télévisé /
_cNoel Nel
260 _aParis :
_barmand colin,
_c1990
300 _a272 p.
942 _2lcc
_cbk
999 _c75992
_d75992